书目信息 |
| 书名: | Understanding public policy | |
| 作者: | Dye. | |
| 分册号: | ||
| 分册名: | 出版地: | Englewood Cliffs : |
|
| 出版社: | Prentice Hall | |
| 出版时间: | 1992. | |
| 页数: | 383 p. ; | |
| 开本: | 20cm. | |
| 丛书名: | ||
| 中图分类号: | ||
| 科图分类号: | ||
| 其他分类号: | D771.222 | |
| 主题词: | ||
| 电子资源: | ||
| 000 | 00431nam 2200157 a 4500 | |
| 001 | E0257322729 | |
| 005 | 2002031515552272 | |
| 008 | 020315s1992 00010 eng | |
| 020 | @a0-13-933607-9@bhard :@cRMB 12.00. | |
| 040 | @aPFT@beng | |
| 090 | @aD771.222 | |
| 099 | @dD771.222@eD995 | |
| 245 | @aUnderstanding public policy / @cDye. | |
| 250 | @a7th ed. | |
| 260 | @aEnglewood Cliffs :@bPrentice Hall,@c1992. | |
| 300 | @a383 p. ;@c20cm. | |
| Understanding public policy / / Dye.-7th ed.-Englewood Cliffs : : Prentice Hall, , 1992. |
| 383 p. ; ; 20cm. |
| ISBN 0-13-933607-9hard :RMB 12.00. |
| ● |
| 相关链接 |
|
|
|
正题名:Understanding public policy
索取号:D771.222/D995
 
预约/预借
| 序号 | 登录号 | 条形码 | 馆藏地/架位号 | 状态 | 备注 |
| 1 | 02030 | 300020304 | 社科库509/509社科库 53排2列2层/ [索取号:D771.222/D995] | 在馆 | |
| 2 | 02031 | 300020313 | 社科库509/509社科库 53排2列2层/ [索取号:D771.222/D995] | 在馆 | |
| 3 | 03304 | 300033041 | 社科库509/509社科库 53排2列2层/ [索取号:D771.222/D995] | 在馆 |